umlaut countries - Statistics

General Stats
  • This quiz has been taken 11 times
  • The average score is 8 of 13
Answer Stats
Hint Answer % Correct
at austria
91%
dk denmark
91%
eg egypt
82%
ro romania
73%
tr turkey
73%
gq equatorial guinea
64%
et ethiopia
64%
kr south korea
64%
ci ivory coast
45%
za south africa
45%
ss south sudan
45%
gb uk
45%
ps palestine
18%
No matching quizzes found
Score Distribution
Percent of People with Each Score
Percentile by Number Answered
Your Score History
You have not taken this quiz